|
|
|
|
| LEADER |
00000nab a2200000 a 4500 |
| 001 |
vtls009512037 |
| 003 |
SK-MaSNL |
| 005 |
20260304152645.0 |
| 008 |
250506c2009 xo |r|p|||||||000 b|slo |
| 015 |
|
|
|a SNBRB2009/05
|2 snkbucl
|
| 035 |
|
|
|a (uuid)4104c78c-6342-4b6a-8001-5f2913242b81
|
| 035 |
|
|
|a urn:nbn:sk:snk-abeu3o
|
| 035 |
|
|
|a (urnnbn)urn:nbn:sk:snk:ar-008mg7
|
| 038 |
|
|
|a SNKBUCL
|
| 040 |
|
|
|a SNKBUCL
|b slo
|c SNKBUCL
|e AACR2
|
| 041 |
0 |
|
|a slo
|
| 044 |
|
|
|a xo
|c SK
|
| 080 |
|
|
|a 791.43
|x (73)
|2 1997
|
| 100 |
1 |
|
|a Bindzár, Juraj,
|d 1943-2019
|4 aut
|9 105677
|
| 245 |
1 |
0 |
|a Táto krajina nie je pre starých
|c Juraj Bindzár
|
| 500 |
|
|
|a V rubrike Rozhľadňa
|
| 500 |
|
|
|a Réžia E. a J. Coehnovci
|
| 630 |
0 |
7 |
|a Táto krajina nie je pre starých (film)
|2 snkbucl
|9 1031891
|
| 655 |
|
7 |
|a recenzie
|2 snkbucl
|9 21907
|
| 773 |
0 |
|
|t Slovenské pohľady
|g Roč. IV.+125., č. 3 (2009), s. 98-100
|x 1335-7786
|
| 850 |
|
|
|a Slovenská národná knižnica
|
| 852 |
|
|
|a Slovenská národná knižnica
|
| 958 |
|
|
|a article27
|
| 958 |
|
|
|a US
|
| 958 |
|
|
|a RC
|
| 958 |
|
|
|a OND
|
| 958 |
|
|
|a EUIPO
|
| 999 |
|
|
|c 2950321
|d 2952251
|